000 01055nam a2200205Ia 4500
008 0000001981 fr a 0000000000fre00
090 _aPUS00 F71e
100 1 _aFranzheim, Elizateth
_d1923
245 1 3 _aElizabeth Franzheim
_b: l ́oeuvre recent = recent work
_c/ photographies Bernard Matussiere ; traduction Verónica Geoffroy, Martine Roque da Rosa
300 _a[28] p.
_c/ 21 cm.
500 _aExposición realizada en la Galerie d'art International, Paris, Marzo 3 Abril 4, 1981\ Texto bilingue: francés e inglés \ Con el patronazgo del maestro venezolano Jesús Rafael Soto (q.e.p.d.) \ Registro auspiciado por el IDCT. Bogotá
600 0 0 _aFRANZHEIM, ELIZABETH, 1923/
_xTRABAJOS PICTORICOS
650 1 4 _aARTE CONTEMPORANEO ESTADOUNIDENSE
650 1 4 _xCATALOGOS
650 1 4 _xEXPOSICIONES
650 1 4 _aPINTORES ESTADOUNIDENSES
650 1 4 _aPINTURA ESTADOUNIDENSE
700 1 _aMatussiere, Bernard \ Roque da Rosa, Martine , tr. \ Geoffroy, Verónica, tr.
999 _c2804
_d2804
260 _aParis : Galerie d ́art International
_c1981